[Event "Chigorin Memorial 2016"]
[Site "St Petersburg RUS"]
[Date "2016.10.19"]
[Round "5.121"]
[White "Bronstein, Or"]
[Black "Minbayev, Bolatbek"]
[Result "1-0"]
[WhiteTitle "FM"]
[WhiteElo "2348"]
[BlackElo "2034"]
[WhiteFideId "2815770"]
[BlackFideId "13714503"]
[EventDate "2016.10.15"]

1. d4 f5 2. g3 Nf6 3. Bg2 g6 4. Nh3 Bg7 5. Nf4 O-O 6. h4 d6 7. c3 c6 8. Qb3+ d5
9. Nd2 Na6 10. Nf3 Ng4 11. h5 Qe8 12. hxg6 hxg6 13. Ng5 Bh6 14. Bxd5+ cxd5 15.
Qxd5+ Rf7 16. Nxf7 Qxf7 17. Nxg6 Kg7 18. Bxh6+ Nxh6 19. Qxf7+ Nxf7 20. Nf4 Bd7
21. O-O-O Nc7 22. f3 e6 23. Rhg1 Nd5 24. Nh5+ Kg6 25. Nf4+ Kg5 26. Nd3 b6 27. g4
f4 28. Rh1 Rh8 29. Rxh8 Nxh8 30. Rh1 Nf7 31. c4 Ne3 32. Rh5+ Kg6 33. Nxf4+ Kg7
34. d5 1-0

[Event "Chigorin Memorial 2016"]
[Site "St Petersburg RUS"]
[Date "2016.10.19"]
[Round "5.122"]
[White "Sichinava, Zviad"]
[Black "Sapegin, Yaroslav"]
[Result "1-0"]
[WhiteElo "2305"]
[BlackElo "2013"]
[WhiteFideId "24111716"]
[BlackFideId "44168322"]
[EventDate "2016.10.15"]

1. d4 d5 2. c4 Nc6 3. Nf3 Bg4 4. cxd5 Bxf3 5. gxf3 Qxd5 6. e3 e5 7. Nc3 Bb4 8.
Bd2 Bxc3 9. bxc3 Nf6 10. c4 Qd6 11. d5 Ne7 12. Qa4+ Nd7 13. Rd1 O-O 14. Bb4 Nc5
15. Qa3 b6 16. Bd3 a5 17. Bxc5 Qxc5 18. Qxc5 bxc5 19. Rb1 Rfb8 20. Kd2 Rb6 21.
e4 Rab8 22. Rb5 Rxb5 23. cxb5 Rb6 24. Rc1 Rh6 25. Rxc5 Rxh2 26. Rxc7 Kf8 27. d6
Rxf2+ 28. Ke3 Rg2 29. dxe7+ Ke8 30. b6 Rb2 31. b7 1-0

[Event "Chigorin Memorial 2016"]
[Site "St Petersburg RUS"]
[Date "2016.10.19"]
[Round "5.123"]
[White "Demianjuk, Alexander"]
[Black "Kopasov, Evgeny"]
[Result "1-0"]
[WhiteElo "2302"]
[BlackElo "1993"]
[WhiteFideId "4134249"]
[BlackFideId "4181239"]
[EventDate "2016.10.15"]

1. d4 d5 2. Nf3 Nf6 3. Bf4 c5 4. e3 Nc6 5. Nbd2 Bf5 6. c3 e6 7. Bb5 Qb6 8. Qa4
a6 9. Bxc6+ Qxc6 10. Qxc6+ bxc6 11. dxc5 Bxc5 12. Nb3 Nd7 13. Nfd4 Rc8 14. Nxf5
exf5 15. Ke2 Bb6 16. Rac1 Ke7 17. c4 Nc5 18. Nxc5 Bxc5 19. Rhd1 Ke6 20. Rd3 Bd6
21. Bxd6 Kxd6 22. cxd5 cxd5 23. Rxc8 Rxc8 24. Kd2 Rc6 25. Rc3 Rb6 26. Kc2 g6 27.
Rc8 Kd7 28. Rc5 Kd6 29. Ra5 Ke6 30. a3 h5 31. h4 Ke5 32. b4 Ke4 33. Kd2 Ke5 34.
Rc5 Rf6 35. Kd3 Rb6 36. f4+ Ke6 37. Kd4 Rd6 38. Ra5 Rc6 39. Rxd5 Rc2 40. Ra5
Rxg2 41. Rxa6+ Kd7 42. b5 Rd2+ 43. Kc5 Rc2+ 44. Kb6 Rh2 45. Ra7+ Kd6 46. Ra4
Rxh4 47. Rd4+ Ke7 48. Ka7 g5 49. b6 1-0

[Event "Chigorin Memorial 2016"]
[Site "St Petersburg RUS"]
[Date "2016.10.19"]
[Round "5.124"]
[White "Kiseleva, Arina"]
[Black "Amina, Battsooj"]
[Result "0-1"]
[WhiteTitle "WCM"]
[BlackTitle "FM"]
[WhiteElo "2059"]
[BlackElo "2274"]
[WhiteFideId "4164989"]
[BlackFideId "4902661"]
[EventDate "2016.10.15"]

1. d4 d5 2. Nf3 Nf6 3. c4 e6 4. Nc3 Be7 5. Bg5 h6 6. Bh4 O-O 7. e3 b6 8. cxd5
exd5 9. Bd3 Bb7 10. O-O c5 11. dxc5 bxc5 12. Rc1 Nbd7 13. Qe2 Nh5 14. Bxe7 Qxe7
15. Ba6 Bc6 16. Bb5 Bxb5 17. Qxb5 Nhf6 18. b3 Rfd8 19. Rfd1 Rab8 20. Qa5 Nb6 21.
Na4 Nxa4 22. Qxa4 Rb6 23. Qa5 Rc8 24. Rc2 Rbc6 25. Qa3 Re8 26. Nd4 Rcc8 27. Nb5
a6 28. Qxa6 d4 29. Nd6 Qe6 30. Qb6 Nd7 31. Qa6 Ra8 32. Qc6 dxe3 33. fxe3 Qxe3+
34. Rf2 Rxa2 35. Nxe8 Rxf2 36. Kh1 Qe2 0-1

[Event "Chigorin Memorial 2016"]
[Site "St Petersburg RUS"]
[Date "2016.10.19"]
[Round "5.125"]
[White "Khalafova, Narmin"]
[Black "Sheynin, Izrail"]
[Result "1-0"]
[WhiteTitle "WIM"]
[WhiteElo "2256"]
[BlackElo "1982"]
[WhiteFideId "13402625"]
[BlackFideId "4186230"]
[EventDate "2016.10.15"]

1. e4 d5 2. exd5 Qxd5 3. Nc3 Qa5 4. g3 Nf6 5. Bg2 c6 6. Nge2 Bg4 7. h3 Bf5 8. b4
Qd8 9. Rb1 e5 10. b5 Bc8 11. O-O Bd6 12. d3 O-O 13. Be3 a6 14. bxc6 Nxc6 15. Na4
Rb8 16. Nb6 Be6 17. c4 Nd7 18. Nd5 Bc5 19. d4 Nxd4 20. Nxd4 Bxd4 21. Bxd4 exd4
22. Qxd4 Nf6 23. Nxf6+ Qxf6 24. Qxf6 gxf6 25. c5 Rfc8 26. Rfc1 b5 27. Rb2 b4 28.
c6 Rc7 29. Rc5 Rb6 30. Ra5 Ra7 31. f4 f5 32. g4 fxg4 33. hxg4 f6 34. f5 Bf7 35.
Rd2 Kf8 36. Rd6 Rc7 37. Rxf6 Kg7 38. Rd6 Bc4 39. f6+ Kf8 40. Rg5 Rb8 41. Rg7
Rxg7 42. fxg7+ Kxg7 43. Rd7+ Kf6 44. c7 1-0

[Event "Chigorin Memorial 2016"]
[Site "St Petersburg RUS"]
[Date "2016.10.19"]
[Round "5.126"]
[White "Anu, Bayar"]
[Black "Anchutin, Nikita"]
[Result "0-1"]
[WhiteTitle "WFM"]
[WhiteElo "2038"]
[BlackElo "2198"]
[WhiteFideId "4901339"]
[BlackFideId "34129895"]
[EventDate "2016.10.15"]

1. d4 d5 2. c4 c6 3. cxd5 cxd5 4. Nc3 Nc6 5. Bf4 Nf6 6. e3 a6 7. Bd3 Bg4 8. f3
Bh5 9. Qb3 Ra7 10. Rc1 e6 11. Nge2 Bd6 12. O-O O-O 13. Na4 Bg6 14. Bxg6 hxg6 15.
Nc5 Na5 16. Qd3 b6 17. Nxa6 Nc4 18. b3 Bxf4 19. Nxf4 Nxe3 20. Rfe1 Nf5 21. Nb4
Qd6 22. Qd2 g5 23. Ne2 g4 24. Rc6 Qb8 25. f4 Ne4 26. Qd3 Ne7 27. Rec1 Nxc6 28.
Nxc6 Qb7 29. Nxa7 Qxa7 30. a4 Qa5 31. Ng3 Qb4 32. Nxe4 dxe4 33. Qc3 Qd6 34. Qe3
Qd5 35. Kf2 Rd8 36. Rc4 f5 37. Qc3 g5 38. Qe3 Qd6 39. g3 gxf4 40. Qxf4 Qxf4+ 41.
gxf4 Kf7 42. Kg2 Ke7 43. Rb4 Rd6 44. h3 gxh3+ 45. Kxh3 Rc6 46. Rc4 Kd6 47. Kg3
Kd5 48. Rxc6 Kxc6 49. Kf2 b5 50. a5 b4 51. Ke3 Kb5 52. Ke2 Kxa5 53. Ke3 Kb5 54.
Ke2 Kc6 55. Kf2 Kd7 56. Ke3 Ke7 57. Ke2 Kf6 58. Kf2 Kg6 59. Kg3 Kh5 60. Kh3 e3 0-1

[Event "Chigorin Memorial 2016"]
[Site "St Petersburg RUS"]
[Date "2016.10.19"]
[Round "5.127"]
[White "Yakimenko, Viktoria"]
[Black "Tskhadadze, Anna"]
[Result "0-1"]
[WhiteElo "2160"]
[BlackElo "1955"]
[WhiteFideId "24174998"]
[BlackFideId "4165098"]
[EventDate "2016.10.15"]

1. e4 d5 2. exd5 Qxd5 3. Nf3 Bg4 4. Be2 Nc6 5. d3 O-O-O 6. Be3 e5 7. Nc3 Qd7 8.
a4 f5 9. Nb5 a6 10. Na7+ Nxa7 11. Bxa7 Bd6 12. c3 Ne7 13. b4 Nd5 14. Qb3 Nf4 15.
Bf1 Bxf3 16. gxf3 e4 17. fxe4 fxe4 18. O-O-O exd3 19. Be3 Be5 20. Kb2 Nd5 21.
Bd2 Qf5 22. Bg2 Bf6 23. Rhf1 Rhe8 24. Ka3 Re2 25. c4 Nf4 26. Bxf4 Bb2+ 27. Ka2
Bc1+ 28. Bd2 Bxd2 29. Kb1 Bg5 30. f4 Bf6 31. Bf3 Rb2+ 32. Qxb2 Bxb2 33. Kxb2
Qf6+ 34. Kb3 d2 35. Bd5 Qd4 36. Kc2 c6 37. Rxd2 Qe3 38. Rf3 Qe7 39. Rc3 cxd5 40.
cxd5+ Kb8 41. Kb3 Qe1 42. Rcd3 Qb1+ 43. Kc3 Rc8+ 44. Kd4 Qxb4+ 45. Ke3 Re8+ 46.
Kf3 Qe4+ 47. Kg4 h5+ 48. Kg3 g5 49. fxg5 Qg4+ 50. Kf2 Rf8+ 51. Ke3 Qg1+ 52. Ke4
Qg4+ 53. Ke3 Qxg5+ 54. Kd4 Qf4+ 55. Kc3 Qxa4 56. d6 Rc8+ 57. Kb2 Qb4+ 58. Ka2
Rc5 59. Rb2 Ra5+ 60. Kb1 Qe1+ 61. Kc2 Qe2+ 62. Rd2 Qe4+ 63. Kb3 Rb5+ 64. Ka2
Rxb2+ 65. Kxb2 Kc8 0-1

[Event "Chigorin Memorial 2016"]
[Site "St Petersburg RUS"]
[Date "2016.10.19"]
[Round "5.128"]
[White "Chibukhchyan, Erik"]
[Black "Dushin, Nikolay"]
[Result "1-0"]
[WhiteElo "2135"]
[BlackElo "1948"]
[WhiteFideId "34135224"]
[BlackFideId "4114612"]
[EventDate "2016.10.15"]

1. e4 c5 2. Nf3 a6 3. c4 g6 4. d4 cxd4 5. Nxd4 Bg7 6. Be3 Nf6 7. Nc3 d6 8. Be2
Nc6 9. O-O O-O 10. Qd2 Nxd4 11. Bxd4 Bd7 12. f3 Bc6 13. Rfd1 Re8 14. Bf1 Rb8 15.
Ba7 Rc8 16. Be3 Qa5 17. a3 Qc7 18. b4 Bd7 19. Rac1 h5 20. Qf2 Ra8 21. Bb6 Qb8
22. Nd5 Nxd5 23. exd5 e6 24. dxe6 Rxe6 25. Re1 Qe8 26. Bd3 Qe7 27. Rxe6 Bxe6 28.
Bd4 Rc8 29. Rc2 Rc7 30. Bf1 d5 31. c5 Qf8 32. Rd2 Bh6 33. f4 Bg7 34. g3 Rd7 35.
Bg2 Qd8 36. Bf3 Bf8 37. Re2 Bg4 38. Kg2 Be7 39. Qe3 Qf8 40. Bxg4 hxg4 41. Qe5
Kh7 42. f5 Bg5 43. f6 Bc1 44. Qe8 Qxe8 45. Rxe8 g5 46. Re7 Rd8 47. Rxf7+ Kg6 48.
Rxb7 Re8 49. f7 Rc8 50. c6 a5 51. Bc5 1-0

[Event "Chigorin Memorial 2016"]
[Site "St Petersburg RUS"]
[Date "2016.10.19"]
[Round "5.129"]
[White "Korobitsyn, Daniil"]
[Black "Krasovskiy, Sviatoslav"]
[Result "1/2-1/2"]
[WhiteElo "2028"]
[BlackElo "2123"]
[WhiteFideId "24120472"]
[BlackFideId "24145696"]
[EventDate "2016.10.15"]

1. e4 Nf6 2. e5 Nd5 3. d4 d6 4. Nf3 Bg4 5. Be2 c6 6. h3 Bxf3 7. Bxf3 dxe5 8.
dxe5 e6 9. O-O Nd7 10. Qe2 Qc7 11. Re1 Bb4 12. c3 Be7 13. c4 N5b6 14. Bf4 O-O
15. Be4 Rfd8 16. Nc3 Nc5 17. Bc2 Rd4 18. Be3 Rxc4 19. f4 Rd8 20. Red1 Rxd1+ 21.
Rxd1 Nd5 22. Nxd5 cxd5 23. b3 Rb4 24. a3 Rxb3 25. Bxb3 Nxb3 26. Qd3 Nc5 27. Bxc5
Qxc5+ 28. Kh1 Qxa3 29. Qc2 Qc5 30. Qb1 Qb4 31. Qxb4 Bxb4 32. Rc1 g5 33. fxg5 a5
34. h4 d4 35. Rc8+ Kg7 36. Kg1 Be1 37. h5 Bc3 38. Rb8 d3 39. g4 h6 40. Kf2 a4
41. Ke3 d2 42. Ke2 b5 43. Ra8 hxg5 44. Kd3 Bxe5 45. Kxd2 f5 46. gxf5 exf5 47.
Ra5 Bb2 48. Rxb5 a3 49. Rxf5 Kh6 50. Ra5 Kxh5 51. Ke2 Kg4 52. Kf2 Bc1 53. Kg2
Kf4 54. Rc5 Bd2 55. Rc2 Ke3 56. Ra2 Bc1 57. Kg3 Kd3 58. Kg4 Kc3 59. Rxa3+ Bxa3
60. Kxg5 1/2-1/2

[Event "Chigorin Memorial 2016"]
[Site "St Petersburg RUS"]
[Date "2016.10.19"]
[Round "5.130"]
[White "Ungurs, Kazimirs"]
[Black "Golikov, Daniil"]
[Result "1/2-1/2"]
[WhiteElo "2024"]
[BlackElo "2114"]
[WhiteFideId "11600705"]
[BlackFideId "24170623"]
[EventDate "2016.10.15"]

1. d4 Nf6 2. c4 e6 3. Nf3 Bb4+ 4. Bd2 Qe7 5. Nc3 Bxc3 6. Bxc3 Ne4 7. Qd3 Nxc3 8.
bxc3 d6 9. g3 Nd7 10. Bg2 O-O 11. O-O e5 12. Nd2 f5 13. e3 Nf6 14. Rae1 g5 15.
f4 e4 16. Qe2 g4 17. c5 dxc5 18. Nc4 b5 19. Ne5 c4 20. a4 a6 21. Ra1 Bd7 22.
axb5 axb5 23. Rfb1 Nd5 24. Qd2 Rfb8 25. Bf1 Be8 26. Kf2 Kg7 27. Qc1 Rd8 28. h4
h5 29. Rxa8 Rxa8 30. Ra1 Qd8 31. Ra3 Nb6 32. Qa1 Na4 33. Be2 Qd5 34. Bd1 c5 35.
Bxa4 bxa4 36. Qb2 cxd4 37. cxd4 Qb5 38. Qxb5 Bxb5 39. Ke1 c3 40. Kd1 Rc8 41. Kc2
Bd3+ 42. Kc1 Rc7 43. d5 Bb5 44. d6 Rc5 45. d7 Rd5 46. Rxc3 Kf6 47. Rc7 Ke7 48.
Kb2 Bxd7 49. Ka3 Kd8 50. Rxd7+ Rxd7 51. Nxd7 Kxd7 52. Kxa4 Kc6 53. Kb4 Kb6 54.
Kc4 Kc6 1/2-1/2

[Event "Chigorin Memorial 2016"]
[Site "St Petersburg RUS"]
[Date "2016.10.19"]
[Round "5.131"]
[White "Shinkevich, Maksim"]
[Black "Nikitinyh, Boris"]
[Result "1-0"]
[WhiteElo "1938"]
[BlackElo "2114"]
[WhiteFideId "24176389"]
[BlackFideId "4198328"]
[EventDate "2016.10.15"]

1. d4 Nf6 2. c4 g6 3. Nc3 Bg7 4. e4 d6 5. f3 O-O 6. Be3 Nc6 7. Nge2 e5 8. d5 Na5
9. Nc1 c5 10. a3 b6 11. b4 Nb7 12. Qd2 Nh5 13. Nd3 f5 14. exf5 gxf5 15. Be2 Qh4+
16. Bf2 Qf6 17. Rc1 Bh6 18. Be3 Qh4+ 19. Kd1 f4 20. Bf2 Qe7 21. g4 Nf6 22. g5
Bxg5 23. Rg1 Ng4 24. Ne4 Bh4 25. fxg4 f3 26. Bf1 Bxf2 27. Ndxf2 cxb4 28. axb4
Rf4 29. Bd3 Bd7 30. Ra1 a5 31. Nh3 f2 32. Nexf2 Raf8 33. Nxf4 Rxf4 34. Kc2 axb4
35. Nh3 b3+ 36. Kc3 Qg7 37. Ra8+ Kf7 38. Nxf4 e4+ 39. Kb4 Qd4 40. Ne6 Bxe6 41.
dxe6+ Kxe6 42. Qh6+ Kd7 43. Qxh7+ 1-0

[Event "Chigorin Memorial 2016"]
[Site "St Petersburg RUS"]
[Date "2016.10.19"]
[Round "5.132"]
[White "Yaroslavtsev, Artem"]
[Black "Rudenko, Naum"]
[Result "0-1"]
[WhiteElo "1910"]
[BlackElo "2102"]
[WhiteFideId "44154550"]
[BlackFideId "34146072"]
[EventDate "2016.10.15"]

1. e4 Nc6 2. Nf3 f5 3. exf5 d5 4. Nh4 Nh6 5. Qh5+ Nf7 6. Nf3 g6 7. fxg6 hxg6 8.
Qxg6 Rh6 9. Qg3 Bf5 10. Bb5 e5 11. h4 Rg6 12. Ng5 Qf6 13. d4 O-O-O 14. Bxc6 bxc6
15. dxe5 Nxe5 16. Bf4 Nd3+ 17. cxd3 Re8+ 18. Be3 Qxb2 19. O-O Qxa1 20. Qf4 Qe5
21. Qa4 Bxd3 22. Rc1 Bd6 23. g3 c5 24. Nd2 Rf8 25. Qg4+ Kd8 26. h5 Rgf6 27. Ndf3
Qe7 28. Re1 Qd7 29. Qh4 Kc8 0-1

[Event "Chigorin Memorial 2016"]
[Site "St Petersburg RUS"]
[Date "2016.10.19"]
[Round "5.133"]
[White "Navrodskiy, Boris"]
[Black "Vasilyev, Alexey"]
[Result "1-0"]
[WhiteElo "2099"]
[BlackElo "1899"]
[WhiteFideId "24176826"]
[BlackFideId "44130120"]
[EventDate "2016.10.15"]

1. d4 Nf6 2. c4 e6 3. Nf3 Bb4+ 4. Bd2 c5 5. Bxb4 cxb4 6. a3 bxa3 7. Rxa3 O-O 8.
Nc3 d6 9. e3 Nc6 10. Be2 e5 11. O-O Qe7 12. Qd2 b6 13. Rfa1 e4 14. Ne1 Ng4 15.
h3 Nh6 16. Nd5 Qb7 17. b4 f5 18. Nc2 Be6 19. Nc3 Bd7 20. Nb5 Qb8 21. d5 Ne5 22.
Nxa7 Qe8 23. b5 g5 24. Nc6 Rxa3 25. Rxa3 f4 26. exf4 gxf4 27. N2d4 Qg6 28. Ne7+ 1-0

[Event "Chigorin Memorial 2016"]
[Site "St Petersburg RUS"]
[Date "2016.10.19"]
[Round "5.134"]
[White "Alekseev, Mikhail"]
[Black "Svidinsky, Dmitry"]
[Result "0-1"]
[WhiteElo "1878"]
[BlackElo "2099"]
[WhiteFideId "34171069"]
[BlackFideId "24120251"]
[EventDate "2016.10.15"]

1. Nf3 d5 2. d4 Nf6 3. c4 e6 4. Nc3 c5 5. cxd5 Nxd5 6. e3 Nc6 7. Bb5 Qa5 8. O-O
Nxc3 9. Bxc6+ bxc6 10. bxc3 Ba6 11. Re1 Qxc3 12. Bd2 Qa3 13. Ne5 Bd6 14. Qh5 O-O
15. Rac1 Qxa2 16. Bc3 cxd4 17. Bxd4 Qd5 18. Qg4 Bxe5 19. Rc5 Qd7 20. Bxe5 f6 21.
Rd1 Qf7 22. Bd6 Rfc8 23. Rdc1 Bb5 24. Qb4 Rd8 25. Bg3 a5 26. Qa3 Rd3 27. R5c3
Rxc3 28. Qxc3 e5 29. f4 exf4 30. Bxf4 a4 31. Bd6 Qd5 32. Qd4 Qxd4 33. exd4 a3
34. Bb4 a2 35. Bc3 Bc4 36. Kf2 Rb8 37. Ke3 Rb1 38. Kd2 Kf7 39. Ba1 Bd5 40. g3
Ke6 41. Bc3 Kf5 42. Re1 Rxe1 43. Kxe1 Ke4 44. Ke2 Bc4+ 45. Kd1 Kd3 46. Ba1 Bb3+
47. Kc1 Ke2 48. Bc3 Bd5 49. Kb2 f5 50. Bb4 g5 51. Bd6 Kf3 0-1

[Event "Chigorin Memorial 2016"]
[Site "St Petersburg RUS"]
[Date "2016.10.19"]
[Round "5.135"]
[White "Nuritdinov, Nizomiddin"]
[Black "Trapeznikova, Darya"]
[Result "0-1"]
[BlackTitle "WFM"]
[WhiteElo "1865"]
[BlackElo "2093"]
[WhiteFideId "14203820"]
[BlackFideId "24121118"]
[EventDate "2016.10.15"]

1. d4 f5 2. e3 Nf6 3. b3 g6 4. Bb2 Bg7 5. Nd2 O-O 6. Bd3 d6 7. f4 Ng4 8. Qe2 e5
9. O-O-O e4 10. Nxe4 fxe4 11. Bxe4 d5 12. Bf3 Nf6 13. h4 Bf5 14. h5 Qe7 15. g4
Be4 16. hxg6 hxg6 17. g5 Nh5 18. Rh3 Bxf3 19. Qxf3 c6 20. Ne2 Nd7 21. Ng3 Nxg3
22. Qxg3 Qe4 23. Ba3 Rfe8 24. Bd6 Qf5 25. Rdh1 Kf7 26. Be5 Nxe5 27. fxe5 Rh8 28.
Rh4 Rxh4 29. Rxh4 Kg8 30. Rh2 Re8 31. Qh4 Re7 32. Qh7+ Kf8 33. Qh4 Rf7 34. Kd2
Ke7 35. Kc1 Ke6 36. Kb2 Bf8 37. c4 Be7 38. Rg2 Qf3 39. Rg3 Qe2+ 40. Kc3 Qe1+ 41.
Kd3 Bb4 42. Qg4+ Ke7 43. Rg2 Qc3+ 0-1

[Event "Chigorin Memorial 2016"]
[Site "St Petersburg RUS"]
[Date "2016.10.19"]
[Round "5.136"]
[White "Ismagilov, Igor"]
[Black "Slugin, Yaroslav"]
[Result "0-1"]
[WhiteElo "1775"]
[BlackElo "2081"]
[WhiteFideId "44100507"]
[BlackFideId "34142913"]
[EventDate "2016.10.15"]

1. d4 g6 2. Nf3 Bg7 3. c3 d6 4. Bf4 Nd7 5. e3 e5 6. Bg3 Ne7 7. Nbd2 O-O 8. Bc4
d5 9. Bb3 e4 10. Ng5 Nb6 11. h4 Nf5 12. c4 Nxg3 13. fxg3 h6 14. Nh3 Bxh3 15.
gxh3 c6 16. Qg4 Kh7 17. cxd5 cxd5 18. O-O h5 19. Qe2 a6 20. Rac1 Rc8 21. Kg2 f5
22. Nb1 Rf6 23. Rc3 Bf8 24. Rfc1 Rxc3 25. Rxc3 Qd7 26. Qc2 Rc6 27. Rxc6 bxc6 28.
Nc3 Bh6 29. Qe2 Qb7 30. Kf2 Bf8 31. Qd2 Bd6 32. Qc2 Qc7 33. Ne2 Kg7 34. a4 a5
35. Nf4 Bxf4 36. gxf4 Qb7 37. Qc3 Nd7 38. Bd1 Qb6 39. Qb3 Qxb3 40. Bxb3 Kf6 41.
Ke2 Ke6 42. Kd2 Kd6 43. Kc3 c5 44. Ba2 Nb8 45. Bb3 Nc6 46. Bd1 Nd8 47. Be2 Ne6
48. dxc5+ Kxc5 49. Bb5 d4+ 50. Kd2 dxe3+ 51. Kxe3 Nc7 52. Bd7 Kd6 53. Bc8 Nd5+
54. Kd4 Nxf4 55. Ba6 Ne6+ 56. Kc3 f4 57. Bf1 Kc5 58. Bc4 Nd4 59. Bf1 e3 60. Kd3
e2 61. Bxe2 Nxe2 62. Kxe2 Kb4 63. Kf3 Kxa4 64. Kxf4 Kb3 65. Kg5 Kxb2 66. Kxg6 a4
67. Kxh5 a3 68. Kg6 a2 69. h5 a1=Q 70. h6 Qa7 71. h7 Qd4 72. h4 Qh8 73. h5 Kc3
74. h6 Kd4 75. Kg5 Qxh7 76. Kh5 Qf5+ 77. Kh4 Ke3 78. Kg3 Qf3+ 79. Kh4 Kf4 80. h7
Qh1# 0-1

[Event "Chigorin Memorial 2016"]
[Site "St Petersburg RUS"]
[Date "2016.10.19"]
[Round "5.137"]
[White "Shadunts, Kirill"]
[Black "Kamnev, Alexander"]
[Result "1/2-1/2"]
[WhiteElo "1787"]
[BlackElo "2073"]
[WhiteFideId "34152781"]
[BlackFideId "24176753"]
[EventDate "2016.10.15"]

1. d4 Nf6 2. c4 e6 3. Nc3 Bb4 4. Qc2 O-O 5. Nf3 b6 6. e4 d5 7. cxd5 exd5 8. e5
Ne4 9. Bd3 f5 10. O-O Nxc3 11. bxc3 Be7 12. Ne1 Be6 13. f4 c5 14. g4 g6 15. gxf5
Bxf5 16. Nf3 Nc6 17. Be3 cxd4 18. Nxd4 Nxd4 19. Bxd4 Rc8 20. a4 Bc5 21. Qd2 Qd7
22. a5 Bxd3 23. Qxd3 Qg4+ 24. Qg3 Qxg3+ 25. hxg3 Bxd4+ 26. cxd4 Rc4 27. axb6
axb6 28. Ra6 Rb8 29. Rb1 b5 30. Ra5 b4 31. Rxd5 b3 32. Rc5 Rxd4 33. Rc3 b2 34.
Rc2 Rdb4 35. Kf2 h5 36. Re2 Kf7 37. e6+ Ke7 38. Kg2 R8b6 39. Kh3 Rb3 40. Kh4
R6b4 41. Kh3 g5 42. f5 Rb8 43. Kg2 R8b7 44. Kf2 Kf6 45. Kg2 R3b5 46. e7 Rxe7 47.
Rbxb2 Rxe2+ 48. Rxe2 Kxf5 49. Ra2 Rd5 50. Rb2 Ke4 51. Re2+ Kd3 52. Re8 g4 53.
Rf8 Kd2 54. Re8 Kd1 55. Re7 Rd2+ 56. Kg1 Rd5 57. Kg2 Kd2 58. Re8 Kd3 59. Re7 Kd4
60. Re8 Re5 61. Rd8+ Ke4 62. Rf8 Ra5 63. Re8+ Kf5 64. Rf8+ Kg6 65. Rf4 Ra2+ 66.
Kg1 Ra5 67. Rf8 Ra6 68. Rg8+ Kf5 69. Rb8 Re6 70. Kf2 Re5 71. Rf8+ Kg6 72. Rg8+
Kf7 73. Ra8 Rb5 74. Ra6 Rf5+ 75. Kg2 Rf6 76. Ra7+ Kg6 77. Ra5 Rf5 78. Ra6+ Kg5
79. Ra8 Rb5 80. Rg8+ Kf5 81. Rf8+ Kg6 82. Rg8+ Kf7 83. Ra8 Rb2+ 84. Kg1 Rb6 85.
Kg2 Kf6 86. Rh8 Rb2+ 87. Kg1 Kg5 88. Rg8+ Kf5 89. Rf8+ Ke4 90. Rf4+ Ke3 91. Rf5
Ke4 92. Rf4+ Ke3 93. Rf5 Rd2 94. Rf8 Rd7 95. Kg2 Rd2+ 96. Kg1 Ke4 97. Rf4+ Ke5
98. Rf8 Rd6 99. Kg2 Rf6 100. Ra8 Kf5 101. Ra5+ Kg6 102. Rb5 Re6 103. Ra5 Rf6
104. Rb5 Rf5 105. Rb6+ Kg5 106. Rb8 Rf7 107. Rb5+ Rf5 108. Rb8 Ra5 109. Rg8+ Kh6
110. Rh8+ Kg7 111. Rb8 Ra2+ 112. Kg1 Ra6 113. Rb7+ Kh6 114. Rb5 Rf6 115. Kg2 1/2-1/2

[Event "Chigorin Memorial 2016"]
[Site "St Petersburg RUS"]
[Date "2016.10.19"]
[Round "5.138"]
[White "Atlas, Eduard"]
[Black "Zakharov, Yuri"]
[Result "0-1"]
[WhiteElo "2072"]
[BlackElo "1689"]
[WhiteFideId "24111767"]
[BlackFideId "4166620"]
[EventDate "2016.10.15"]

1. d4 Nf6 2. Bf4 g6 3. Nf3 Bg7 4. c3 c6 5. Nbd2 d5 6. h3 O-O 7. e3 Qb6 8. Qc1
Nbd7 9. Be2 Nh5 10. Bh2 Re8 11. Ne5 Nhf6 12. O-O Nxe5 13. Bxe5 Bh6 14. c4 dxc4
15. Bxc4 Bg7 16. Nf3 Bf5 17. Re1 Rf8 18. a4 Be4 19. Nd2 Bd5 20. b3 Rac8 21. e4
Bxc4 22. bxc4 Qd8 23. Nf3 Qa5 24. Qb2 b6 25. g4 Rfd8 26. Qd2 Qa6 27. Qc3 Rd7 28.
Bg3 c5 29. Rad1 cxd4 30. Rxd4 Rxd4 31. Qxd4 Nxg4 32. e5 Nh6 33. Qd7 Nf5 34. e6
f6 35. Rc1 Nxg3 36. fxg3 Bf8 37. Nd2 Rb8 38. Ne4 Qb7 39. Qd5 Qc7 40. Kg2 Rd8 41.
Qb5 Qb7 42. Re1 f5 43. Qe5 Bg7 44. Qf4 Bf6 45. h4 fxe4 46. Kh3 Rd4 47. h5 Qc6
48. Qb8+ Kg7 49. h6+ Kxh6 50. Qf8+ Kg5 51. Qf7 Qxc4 52. Qxh7 Qxe6+ 53. Kg2 Qg4 0-1

[Event "Chigorin Memorial 2016"]
[Site "St Petersburg RUS"]
[Date "2016.10.19"]
[Round "5.139"]
[White "Yun, Vyacheslav"]
[Black "Grinblat, Artemiy"]
[Result "0-1"]
[WhiteElo "1766"]
[BlackElo "2241"]
[WhiteFideId "34126667"]
[BlackFideId "14135272"]
[EventDate "2016.10.15"]

1. e4 c5 2. Nf3 e6 3. d4 cxd4 4. Nxd4 Nc6 5. Nc3 Qc7 6. Be3 a6 7. f4 d6 8. Qf3
b5 9. Be2 Bb7 10. O-O Nf6 11. Rad1 Be7 12. Qg3 b4 13. e5 dxe5 14. Nxc6 Bxc6 15.
fxe5 bxc3 16. Qxg7 Rf8 17. exf6 Bd6 18. Qxh7 cxb2 19. Bf3 Bxf3 20. Rxf3 O-O-O
21. Rb1 Rh8 22. Qe4 Bxh2+ 23. Kf2 Be5 24. Qa8+ Kd7 25. Qa7 Rc8 26. Bc5 Qxa7 27.
Rd3+ Ke8 28. Bxa7 Rxc2+ 29. Ke3 Rc1 30. Bb6 Bxf6 31. Rd1 Rxb1 32. Rxb1 Kd7 33.
Ke4 Rc8 34. Be3 Rc4+ 35. Kd3 Rc3+ 36. Ke4 Ra3 37. Rd1+ Kc6 38. Bd4 Ra4 0-1

[Event "Chigorin Memorial 2016"]
[Site "St Petersburg RUS"]
[Date "2016.10.19"]
[Round "5.140"]
[White "Fokin, Anatoly"]
[Black "Yashmetov, Mikhail"]
[Result "0-1"]
[BlackTitle "FM"]
[WhiteElo "1802"]
[BlackElo "2359"]
[WhiteFideId "24124451"]
[BlackFideId "24198900"]
[EventDate "2016.10.15"]

1. d4 Nf6 2. c4 g6 3. Nc3 d5 4. cxd5 Nxd5 5. e4 Nxc3 6. bxc3 c5 7. Be3 Bg7 8.
Bc4 Qa5 9. Qd2 Nc6 10. Ne2 cxd4 11. cxd4 Qxd2+ 12. Kxd2 O-O 13. Rab1 Rd8 14. d5
Na5 15. Bd3 e6 16. Rb5 b6 17. dxe6 Bxe6 18. Nc1 Bc4 19. Rb4 Rac8 20. Ke2 Bxd3+
21. Nxd3 Rc2+ 22. Bd2 Bc3 23. Rd1 Bxb4 24. Nxb4 Rc4 25. Nd3 Rxe4+ 26. Be3 Nc4
27. Rc1 Nxe3 28. fxe3 Rde8 0-1

[Event "Chigorin Memorial 2016"]
[Site "St Petersburg RUS"]
[Date "2016.10.19"]
[Round "5.141"]
[White "Kuznetsov, Mikhail"]
[Black "Yeritsyan, Hayk"]
[Result "0-1"]
[WhiteElo "1801"]
[BlackElo "2191"]
[WhiteFideId "54126738"]
[BlackFideId "13307320"]
[EventDate "2016.10.15"]

1. e4 c5 2. Nf3 Nc6 3. Bb5 g6 4. Bxc6 bxc6 5. O-O Bg7 6. Re1 Nh6 7. h3 O-O 8. c3
d5 9. d3 Ba6 10. Bf4 f6 11. e5 Nf7 12. Qc2 Qc8 13. e6 Nd8 14. Qe2 Qb7 15. Na3
Qb6 16. Rab1 Bc8 17. Bd6 Re8 18. Bg3 Bxe6 19. b4 Qa6 20. Nc2 Bf5 21. Rbd1 cxb4
22. Nxb4 Qa3 23. Rb1 e5 24. Rb3 Qa5 25. Nd4 Bd7 26. Ndc2 Nf7 27. Ra3 Qc7 28. d4
Nd6 29. Na6 Qd8 30. Qd1 Ne4 31. Bh2 Bf8 32. Rb3 Qa5 33. Ncb4 Bc8 34. Rxe4 dxe4
35. Qe2 Bxb4 36. Nxb4 Be6 37. Rb2 c5 38. dxc5 Qxc5 39. Na6 Qxc3 40. Bg3 Bc4 0-1